000 00726nam a2200217Ia 4500
003 GCL
005 20240530110146.0
008 140319s9999 xx 000 0 ara d
040 _aGCL /
_cGCL
082 0 4 _a346.078
_bع أ
100 1 _aعزيز عبدالامير العكيكى
245 1 0 _aاحكام الافلاس فى قانون التجارة الكويتى /
_cعزيز عبدالامير العكيكى
260 _a[S.N] :
_bمؤسسة الكويت للتقدم العلمى ،
_c1987
300 _a390 ص
650 0 4 _aالكويت
650 0 4 _aالقانون
650 0 4 _aالافلاس
650 0 4 _aالقانون التجارى
650 0 4 _aالعلاقات التجارية
942 _2ddc
_cBK
999 _c59047
_d59047